00774nam a2200169 a 450000100100000000500170001000800410002704000250006824500630009326000660015630000200022204900090024295201200025195201050037195201110047699900170058700002985820200930055848.0110426s1978 dr 000 0 spa d aDO-SdBNPbspacBNPHU10aPrograma de adiestramiento en gerencia y administración. aSanto Domingo :bFundación Dominicana de Desarrollo,c1978. a27 p. ;c22 cm. aBNPD 001054708DSaGRbGRcCTd2011-07-12iLF1l0o p29858-30r2020-06-25te. 3w2020-06-25yLFDSZPréstamo en sala 0010718PDaPDbPDcCTd2011-04-26iLF1l0o p29858-10r2020-06-25w2020-06-25yLFPDZNo se presta 0010718PDaPDbPDcCTd2011-07-12iLF1l0o p29858-20r2020-06-25te. 2w2020-06-25yLFPDZNo se presta c29350d29350